• 首页
  • 本馆介绍
  • 公告通知
  • 最新文献
  • 馆藏检索
  • 电子资源
  • 读者导购
  • 参考咨询
  • 我的图书馆
  • 登录
  • 详细信息显示
  • 放入我的书架
  • 预约/预借图书
  • 作者相关作品
  • 分类相关作品
  • 丛书相关作品
  • 出版社相关作品

书目信息

  • 表格格式
  • 工作单格式
  • 卡片格式
题名:
现代领导人才
    
 
作者: 王元瑞 编著
分册:  
出版信息: 北京   北京科学技术出版社  1987
页数: 445页
开本: 19cm
丛书名:
单 册:
中图分类: D630.3
科图分类:
主题词: 政治--中国
电子资源:
ISBN:
000 00568nam0 2200205 45
001 0404221697
005 20060511155613.79
010    @dCNY2.90
091    @a17274.057
100    @a20040422d1987 km y0chiy0120 ea
101 0  @achi
200 1  @a现代领导人才@AXian Dai Ling Dao Ren Cai@f王元瑞编著@FWang Yuan Rui Bian Zhu
210    @a北京@c北京科学技术出版社@d1987
215    @a445页@d19cm
300    @a各级领导班干部,组织、人事班干部读物
606 0  @a政治@x中国
690    @aD630.3@v3
701  0 @a王元瑞@4编著
801    @aCN@bPftUser@c20060511
905    @dD630.3@e10
    
    现代领导人才/王元瑞编著.-北京:北京科学技术出版社,1987
    445页;19cm
    各级领导班干部,组织、人事班干部读物
    
    ISBN :CNY2.90
    
●
相关链接 在E读中查询图书 在五车中查询图书 在当当中查询图书 在豆瓣中查询图书


正题名:现代领导人才     索取号:D630.3/10         预约/预借

序号 登录号 条形码 馆藏地/架位号 状态 备注
1 0206442   000776244   第一样本阅览室/ [索取号:D630.3/10] 在馆    
2 0206443   000374749   密集书库/ [索取号:D630.3/10] 在馆    
3 0206444   000374767   密集书库/ [索取号:D630.3/10] 在馆    
4 0206445   202223566   密集书库/ [索取号:D630.3/10] 在馆    
5 0206446   202324369   密集书库/ [索取号:D630.3/10] 在馆    
唐山师范学院图书馆 欢迎您!
大连网信软件有限公司© 版权所有